Statistiques concernant Personnages Clan Aburame ( Naruto / Boruto )

Cliquez ici pour prendre le quiz!

Statistiques générales

  • Ce quiz a été pris 20 fois
  • Le résultat moyen est 2 sur 6

Statistiques - réponses

Réponse% Correct
Shino
100%
Torune
44%
Shibi
17%
Harika
0%
Muta
0%
Tatsuma
0%

Distribution des résultats

Percentile par nombre de réponses

% des personnes avec chaque résultat

Votre développement - résultats

Vous n’avez pas pris ce quiz